Multicultural assessment in counseling and clinical psychology /

Bibliographic Details
Format: Book
Language:English
Published: Lincoln, Neb. : Buros Institute of Mental Measurements, [1996]
Series:Buros-Nebraska series on measurement & testing.
Subjects:

MARC

Tag First Indicator Second Indicator Subfields
LEADER 00000cam a2200000 a 4500
001 in00001403748
005 20151020053143.0
008 960912s1996 nbu 001 0 eng d
020 |a 0910674418 
035 |a (OCoLC)35525309 
035 |9 AHM7206AM 
040 |a SGB  |c SGB  |d EXW  |d VET  |d OCL  |d GGN  |d UtOrBLW 
049 |a TXAM 
090 |a LB3060.62  |b .M84 1996 
092 |a 150.287  |b M919 
096 |a WM 145 M961 1996 
245 0 0 |a Multicultural assessment in counseling and clinical psychology /  |c edited by Gargi Roysircar Sodowsky, James C. Impara. 
264 1 |a Lincoln, Neb. :  |b Buros Institute of Mental Measurements,  |c [1996] 
264 4 |c ©1996 
300 |a viii, 375 pages ;  |c 24 cm. 
336 |a text  |b txt  |2 rdacontent 
337 |a unmediated  |b n  |2 rdamedia 
338 |a volume  |b nc  |2 rdacarrier 
490 1 |a Buros-Nebraska series on measurement and testing 
504 |a Includes bibliographies and indexes. 
505 0 |a  Test bias, multicultural assessment theory, and multicultural instrumentation / Gargi Roysircar Sodowsky -- Measurement, testing, and ethnic bias : can solutions be found? / Stanley Sue -- Multicultural and cross-cultural assessment : dilemmas and decisions / Juris G. Draguns -- Development of TEMAS, a multicultural thematic apperception test : psychometric properties and clinical utility / Giuseppe Costantino, Robert G. Malgady -- New developments in the theories and measurement of white and black racial attitudes / Gargi Roysircar Sodowsky -- Toward a methodology for measuring and assessing racial as distinguished from ethnic identity / Janet E. Helms -- Exploring the complexity of racial identity attitude measures / Robert T. Carter -- Development of the Oklahoma Racial Attitudes Scale Preliminary Form (ORAS-P) / Sandra K. Choney, John T. Behrens -- Measurement of the relationships of multicultural counseling competencies and counselor training / Gargi Roysircar Sodowsky -- Development and initial validation of the Multicultural Counseling Awareness Scale / Joseph G. Ponterotto ... [et al.] -- The Multicultural Counseling Inventory : validity and applications in multicultural training / Gargi Roysircar Sodowsky -- Assessing multicultural counseling competencies using the Multicultural Counseling Inventory : a review of the research / Donald B. Pope-Davis, Deanna Nielson. 
650 0 |a Test bias. 
650 0 |a Examinations  |x Validity. 
650 0 |a Multiculturalism. 
650 0 |a Clinical psychology. 
650 0 |a Counseling. 
650 2 |a Counseling. 
650 2 |a Cultural Diversity. 
650 2 |a Psychological Tests. 
650 2 |a Psychology, Clinical. 
830 0 |a Buros-Nebraska series on measurement & testing. 
948 |a c:en 
999 |a MARS 
999 f f |s 7e142c05-be47-3783-b485-d897c358e7cc  |i 89b43f25-ef67-312a-a0be-2e7b6d1053fc  |t 0 
952 f f |p normal  |a Texas A&M University  |b College Station  |c Sterling C. Evans Library  |d Evans: Library Stacks  |t 0  |e LB3060.62 .M84 1996  |h Library of Congress classification  |i unmediated -- volume  |m A14822481326 
998 f f |a LB3060.62 .M84 1996  |t 0  |l Evans: Library Stacks